| 000 | 00463nam a2200169 a 4500 | ||
|---|---|---|---|
| 001 | 000033840 | ||
| 005 | 20200930070548.0 | ||
| 008 | 100222s1899 dr 001 0 spa d | ||
| 040 |
_aDO-SdBNP _bspa _cBNPHU |
||
| 082 |
_axxxx _bR426l |
||
| 110 | 1 |
_aRepública Dominicana _9447 |
|
| 240 | 1 | 3 | _a[Leyes etc.] |
| 245 | 1 | 0 | _aLey general de estudios /. |
| 260 |
_aSanto Domingo : _bImprenta de García Hermano, _c1899. |
||
| 300 |
_a30 p. : ; _c23 cm. |
||
| 049 | _aBNPD | ||
| 999 |
_c33331 _d33331 |
||